|
|
|
|
| LEADER |
00000nas a2200000 a 4500 |
| 001 |
ssj0036399 |
| 003 |
WaSeSS |
| 005 |
20200512172242.0 |
| 006 |
m d |
| 007 |
cr n |
| 008 |
041220c19989999gw x pss g 0 a0eng d |
| 010 |
|
|
|a 2005212918
|
| 016 |
7 |
|
|a 2214799 8
|2 DE-600
|
| 022 |
|
|
|a 1554-4567
|l 1554-4567
|
| 035 |
|
|
|a (WaSeSS)ssj0036399
|
| 037 |
|
|
|b Berkeley Electronic Press, 2809 Telegraph Ave., Suite 202, Berkeley, CA 94705
|
| 040 |
|
|
|a SLU
|b eng
|c DLC
|d SLU
|d OCL
|d OCLCQ
|d VRC
|d OCLCQ
|d DLC
|d OCLCQ
|d DLC
|d OCLCF
|d OCLCQ
|d AU@
|d VT2
|d WaSeSS
|
| 042 |
|
|
|a nsdp
|a lccopycat
|
| 050 |
0 |
0 |
|a K2261
|
| 082 |
1 |
0 |
|a 345
|2 13
|
| 222 |
|
0 |
|a International commentary on evidence
|
| 245 |
0 |
0 |
|a International commentary on evidence
|h [electronic resource].
|
| 246 |
3 |
|
|a ICE
|
| 260 |
|
|
|a Berkeley, Calif. :
|b Berkeley Electronic Press,
|c 1998-
|
| 310 |
|
|
|a One issue per year
|
| 362 |
0 |
|
|a Vol. 1, issue 1 (Aug. 1998)-
|
| 500 |
|
|
|a Title from PDF caption (Berkeley Electronic Press website, viewed Feb. 1, 2005).
|
| 500 |
|
|
|a Published by: Walter de Gruyter, Inc. <Vol. 9, issue 2 (2011 Dec.)->
|
| 506 |
|
|
|a License restrictions may limit access.
|
| 538 |
|
|
|a Mode of access: World Wide Web.
|
| 588 |
|
|
|a Latest issue consulted: Vol. 11, issue 1 (2013 Dec.), viewed Aug. 19, 2014.
|
| 650 |
|
0 |
|a Evidence (Law)
|v Periodicals.
|
| 650 |
|
7 |
|a Evidence (Law)
|2 fast
|0 (OCoLC)fst00917186
|
| 655 |
|
0 |
|a Electronic journals.
|
| 850 |
|
|
|a DLC
|
| 856 |
4 |
0 |
|z Full text available from Research Library: 07/01/2011 to 6 months ago
|u https://search.proquest.com/publication/2031346
|